[Event "2.Open B Città di Padova Elo <1900"]
[Site "Padova Caffè Pedrocchi"]
[Date "1999.12.19"]
[Round "6.1"]
[White "Viaggi, Stefano"]
[Black "Avenali, Giuseppe"]
[Result "1/2-1/2"]
[WhiteElo "1716"]
[BlackElo "1855"]
[Annotator "Gabriele Ballarin"]
[PlyCount "40"]
[EventDate "1999.12.11"]
[EventType "swiss"]
[EventRounds "6"]
[EventCountry "ITA"]
[SourceTitle "Ballarin Gabriele"]
[Source "Ballarin Gabrie"]
[SourceDate "2001.01.01"]
[SourceVersion "1"]
[SourceVersionDate "2001.01.01"]
[SourceQuality "1"]

1. d4 Nf6 2. Bg5 d5 3. Nf3 e6 4. e3 Be7 5. Bd3 Nbd7 6. Nbd2 b6 7. c3 Bb7 8. Qc2 h6 9. Bh4 c5 10. O-O c4 11. Be2 O-O 12. Rae1 b5 13. Ne5 Nxe5 14. dxe5 Ne4 15. Bxe7 Qxe7 16. f4 f5 17. Nxe4 dxe4 18. Rd1 Rad8 19. Rxd8 Rxd8 20. Rd1 Bd5 1/2-1/2

[Event "2.Open B Città di Padova Elo <1900"]
[Site "Padova Caffè Pedrocchi"]
[Date "1999.12.19"]
[Round "6.2"]
[White "Carini, Massimo"]
[Black "Capata, Ion"]
[Result "1-0"]
[WhiteElo "1890"]
[BlackElo "1666"]
[Annotator "Gabriele Ballarin"]
[PlyCount "43"]
[EventDate "1999.12.11"]
[EventType "swiss"]
[EventRounds "6"]
[EventCountry "ITA"]
[SourceTitle "Ballarin Gabriele"]
[Source "Ballarin Gabrie"]
[SourceDate "2001.01.01"]
[SourceVersion "1"]
[SourceVersionDate "2001.01.01"]
[SourceQuality "1"]

1. e4 e5 2. Bc4 Nf6 3. d3 h6 4. Nc3 Bc5 5. Be3 Bxe3 6. fxe3 c6 7. Nf3 Qb6 8. Qd2 Ng4 9. d4 Qb4 10. Bb3 exd4 11. exd4 O-O 12. O-O d6 13. h3 Nf6 14. e5 dxe5 15. dxe5 Qc5+ 16. Kh1 Nh7 17. Nh4 Be6 18. Bxe6 fxe6 19. Ng6 Nd7 20. Nxf8 Ndxf8 21. Qf4 Qe7 22. Ne4 {Nur} 1-0

[Event "2.Open B Città di Padova Elo <1900"]
[Site "Padova Caffè Pedrocchi"]
[Date "1999.12.19"]
[Round "6.3"]
[White "Gamberini, Davide"]
[Black "Radulescu, Gheorghe"]
[Result "0-1"]
[WhiteElo "1714"]
[BlackElo "1845"]
[Annotator "Gabriele Ballarin"]
[PlyCount "54"]
[EventDate "1999.12.11"]
[EventType "swiss"]
[EventRounds "6"]
[EventCountry "ITA"]
[SourceTitle "Ballarin Gabriele"]
[Source "Ballarin Gabrie"]
[SourceDate "2001.01.01"]
[SourceVersion "1"]
[SourceVersionDate "2001.01.01"]
[SourceQuality "1"]

1. e4 c5 2. c3 d6 3. d4 Nf6 4. dxc5 dxc5 5. Qxd8+ Kxd8 6. f3 Nc6 7. Be3 b6 8. Na3 Kc7 9. Bc4 e6 10. Bf4+ Kb7 11. Nb5 a6 12. Nd6+ Bxd6 13. Bxd6 Rd8 14. Bf4 Nh5 15. Be3 Ne5 16. Be2 Nd3+ 17. Bxd3 Rxd3 18. Ke2 Rd8 19. Nh3 Bd7 20. Ng5 f6 21. Nf7 Bb5+ 22. Kf2 Rd7 23. g4 Rxf7 24. gxh5 f5 25. e5 f4 26. Bd2 Rd8 27. Ke1 Rd5 0-1

[Event "2.Open B Città di Padova Elo <1900"]
[Site "Padova Caffè Pedrocchi"]
[Date "1999.12.19"]
[Round "6.4"]
[White "Zanirato, Stefano"]
[Black "Cecchetto, Vanni"]
[Result "0-1"]
[WhiteElo "1722"]
[BlackElo "1594"]
[Annotator "Gabriele Ballarin"]
[PlyCount "48"]
[EventDate "1999.12.11"]
[EventType "swiss"]
[EventRounds "6"]
[EventCountry "ITA"]
[SourceTitle "Ballarin Gabriele"]
[Source "Ballarin Gabrie"]
[SourceDate "2001.01.01"]
[SourceVersion "1"]
[SourceVersionDate "2001.01.01"]
[SourceQuality "1"]

1. Nf3 d5 2. c3 c5 3. d3 Nc6 4. Qc2 e5 5. e4 Nf6 6. Be2 Be7 7. O-O O-O 8. a4 b6 9. Na3 Bb7 10. exd5 Nxd5 11. Nc4 Bf6 12. Nfd2 Be7 13. Nf3 Bf6 14. Re1 Re8 15. Bf1 g6 16. Bh6 Bg7 17. Bxg7 Kxg7 18. Nfxe5 Nxe5 19. Nxe5 Nf4 20. Qc1 Nh3+ 21. gxh3 Qd5 22. Re4 Rxe5 23. Bg2 Rg5 24. Rg4 Rxg4 0-1

[Event "2.Open B Città di Padova Elo <1900"]
[Site "Padova Caffè Pedrocchi"]
[Date "1999.12.19"]
[Round "6.5"]
[White "Guclu, Yaman"]
[Black "Lain, Luigi"]
[Result "0-1"]
[WhiteElo "1687"]
[BlackElo "1717"]
[Annotator "Gabriele Ballarin"]
[PlyCount "132"]
[EventDate "1999.12.11"]
[EventType "swiss"]
[EventRounds "6"]
[EventCountry "ITA"]
[SourceTitle "Ballarin Gabriele"]
[Source "Ballarin Gabrie"]
[SourceDate "2001.01.01"]
[SourceVersion "1"]
[SourceVersionDate "2001.01.01"]
[SourceQuality "1"]

1. e4 e5 2. d4 exd4 3. c3 dxc3 4. Bc4 d6 5. Nxc3 Nf6 6. Qb3 Qd7 7. Bg5 Nc6 8. Bxf6 gxf6 9. Nd5 Bg7 10. Qg3 Kf8 11. Qf4 f5 12. Nf3 Ne5 13. exf5 Qxf5 14. Qh4 Be6 15. Nd4 Nd3+ 16. Kd2 Qxf2+ 17. Qxf2 Nxf2 18. Nxe6+ fxe6 19. Rhf1 exd5 20. Rxf2+ Ke7 21. Bxd5 Rhf8 22. Re2+ Be5 23. Rb1 c6 24. Be4 h6 25. b4 a6 26. a4 Kd7 27. b5 axb5 28. axb5 d5 29. Bf3 Ra2+ 30. Kd1 Rxe2 31. Kxe2 Bxh2 32. Rb4 Bf4 33. bxc6+ bxc6 34. Kd3 Kd6 35. Bg4 Rf6 36. Rb1 c5 37. Rb6+ Ke5 38. Rb7 c4+ 39. Kc3 Rc6 40. Rb5 Rd6 41. Be2 Kf6 42. Kd4 Be5+ 43. Kc5 Kf5 44. Bf3 c3 45. Bd1 d4 46. Kc4 d3 47. Kb3 c2 48. Bxc2 dxc2 49. Kxc2 Rg6 50. Kd3 Rxg2 51. Ke3 h5 52. Rb7 h4 53. Kf3 Rg3+ 54. Kf2 Bd4+ 55. Kf1 h3 56. Rh7 Rf3+ 57. Ke1 Kg4 58. Rh6 Be5 59. Rg6+ Kf5 60. Rh6 h2 61. Ke2 Kg4 62. Rh7 Rf5 63. Rh6 Rh5 64. Rg6+ Kf5 65. Kf3 h1=Q+ 66. Rg2 Rh2 0-1

[Event "2.Open B Città di Padova Elo <1900"]
[Site "Padova Caffè Pedrocchi"]
[Date "1999.12.19"]
[Round "6.6"]
[White "Popovic, Dragan"]
[Black "Di Cataldo, Cesare"]
[Result "0-1"]
[WhiteElo "1665"]
[BlackElo "1803"]
[Annotator "Gabriele Ballarin"]
[PlyCount "58"]
[EventDate "1999.12.11"]
[EventType "swiss"]
[EventRounds "6"]
[EventCountry "ITA"]
[SourceTitle "Ballarin Gabriele"]
[Source "Ballarin Gabrie"]
[SourceDate "2001.01.01"]
[SourceVersion "1"]
[SourceVersionDate "2001.01.01"]
[SourceQuality "1"]

1. e4 e5 2. Nf3 Nc6 3. Bc4 Be7 4. d4 exd4 5. Nxd4 d6 6. Nxc6 bxc6 7. O-O Nf6 8. Nc3 O-O 9. Bd3 Rb8 10. b3 d5 11. e5 Ng4 12. Qe2 Bc5 13. h3 Bd4 14. Bxh7+ Kh8 15. Bb2 Nxf2 16. Rxf2 Bxf2+ 17. Qxf2 Kxh7 18. Qxa7 Be6 19. Qd4 Qg5 20. Kh2 Rh8 21. Ne2 Kg8 22. Ng1 Rh4 23. Qc3 Qf4+ 24. Kh1 Qf2 25. Qxc6 Rbb4 26. Qc3 Bxh3 27. Nxh3 Rbg4 28. Rg1 Rg3 29. Kh2 Rhxh3# 0-1

[Event "2.Open B Città di Padova Elo <1900"]
[Site "Padova Caffè Pedrocchi"]
[Date "1999.12.19"]
[Round "6.7"]
[White "Battagin_214, Mosè"]
[Black "Litrico, Paolo"]
[Result "0-1"]
[WhiteElo "1840"]
[BlackElo "1684"]
[Annotator "Gabriele Ballarin"]
[PlyCount "32"]
[EventDate "1999.12.11"]
[EventType "swiss"]
[EventRounds "6"]
[EventCountry "ITA"]
[SourceTitle "Ballarin Gabriele"]
[Source "Ballarin Gabrie"]
[SourceDate "2001.01.01"]
[SourceVersion "1"]
[SourceVersionDate "2001.01.01"]
[SourceQuality "1"]

1. e4 d5 2. e5 Bf5 3. Nf3 h6 4. Nd4 Bh7 5. e6 f6 6. Nc3 c6 7. Qg4 Qd6 8. d3 Na6 9. Bf4 Qb4 10. Bd2 f5 11. Qf4 Nf6 12. Qe5 Ng4 13. Nxd5 Qxd2+ 14. Kxd2 Nxe5 15. Ne3 f4 16. Nd1 O-O-O 0-1

[Event "2.Open B Città di Padova Elo <1900"]
[Site "Padova Caffè Pedrocchi"]
[Date "1999.12.19"]
[Round "6.8"]
[White "Opacic, Alexandar"]
[Black "Castellano, Alfonso"]
[Result "1-0"]
[WhiteElo "1759"]
[BlackElo "1716"]
[Annotator "Gabriele Ballarin"]
[PlyCount "61"]
[EventDate "1999.12.11"]
[EventType "swiss"]
[EventRounds "6"]
[EventCountry "ITA"]
[SourceTitle "Ballarin Gabriele"]
[Source "Ballarin Gabrie"]
[SourceDate "2001.01.01"]
[SourceVersion "1"]
[SourceVersionDate "2001.01.01"]
[SourceQuality "1"]

1. e4 c5 2. Nf3 d6 3. d4 cxd4 4. Nxd4 Nf6 5. Nc3 a6 6. Bg5 e6 7. Bc4 Be7 8. Bb3 Nc6 9. Be3 Bd7 10. f3 b5 11. Nxc6 Bxc6 12. Qd2 Qc7 13. O-O-O a5 14. a4 b4 15. Ne2 Qd7 16. e5 dxe5 17. Qe1 Qb7 18. Qg3 Bd5 19. Qxe5 Bxb3 20. cxb3 O-O 21. Kb1 Nd5 22. Bf2 Bf6 23. Qe4 Qa6 24. h4 Rac8 25. g4 g6 26. h5 Rc7 27. hxg6 hxg6 28. Bd4 Kg7 29. Bxf6+ Kxf6 30. g5+ Kxg5 31. Qe5+ 1-0

[Event "2.Open B Città di Padova Elo <1900"]
[Site "Padova Caffè Pedrocchi"]
[Date "1999.12.19"]
[Round "6.10"]
[White "Rigo, Gianfrancesco"]
[Black "Di Giacomo, Antonio"]
[Result "1-0"]
[WhiteElo "1873"]
[BlackElo "1666"]
[Annotator "Gabriele Ballarin"]
[PlyCount "59"]
[EventDate "1999.12.11"]
[EventType "swiss"]
[EventRounds "6"]
[EventCountry "ITA"]
[SourceTitle "Ballarin Gabriele"]
[Source "Ballarin Gabrie"]
[SourceDate "2001.01.01"]
[SourceVersion "1"]
[SourceVersionDate "2001.01.01"]
[SourceQuality "1"]

1. Nf3 Nf6 2. g3 d5 3. Bg2 Nbd7 4. O-O e5 5. d3 Bd6 6. Nbd2 Nf8 7. e4 c6 8. exd5 Nxd5 9. Nxe5 Ng6 10. Nxg6 hxg6 11. Re1+ Be6 12. Ne4 Be7 13. d4 Qd7 14. c4 Nc7 15. Bf4 O-O-O 16. d5 Bh3 17. Bh1 Qf5 18. Qa4 g5 19. Bxc7 Kxc7 20. dxc6 Bc5 21. Nxc5 Qxc5 22. Qb5 Qxb5 23. cxb5 Be6 24. cxb7 Kb8 25. a4 Rh6 26. Red1 Rdh8 27. Rac1 Rxh2 28. Bg2 g4 29. Rd4 f5 30. Rcd1 1-0

[Event "2.Open B Città di Padova Elo <1900"]
[Site "Padova Caffè Pedrocchi"]
[Date "1999.12.19"]
[Round "6.12"]
[White "Maccapan, Fabio"]
[Black "Perryman, Marcus"]
[Result "0-1"]
[WhiteElo "1834"]
[BlackElo "1648"]
[Annotator "Gabriele Ballarin"]
[PlyCount "74"]
[EventDate "1999.12.11"]
[EventType "swiss"]
[EventRounds "6"]
[EventCountry "ITA"]
[SourceTitle "Ballarin Gabriele"]
[Source "Ballarin Gabrie"]
[SourceDate "2001.01.01"]
[SourceVersion "1"]
[SourceVersionDate "2001.01.01"]
[SourceQuality "1"]

{[%evp 0,74,18,8,49,53,53,45,41,40,49,35,46,26,38,29,40,15,28,17,62,52,85,89,74,97,98,114,135,100,100,87,132,53,47,46,46,14,4,7,46,28,69,27,70,42,33,37,74,49,50,23,23,49,72,74,70,69,115,18,32,-17,-16,-9,13,0,0,-194,-134,-170,-170,-340,-766,-766,-986,-1127,-1127]} 1. e4 Nf6 2. e5 Nd5 3. Nc3 Nxc3 4. dxc3 d6 5. Bc4 e6 6. exd6 Bxd6 7. Nf3 O-O 8. Qe2 Nd7 9. Bg5 Be7 10. h4 Bf6 11. O-O-O Qe7 12. Kb1 Nb6 13. Bd3 Nd5 14. Qe4 g6 15. Bxf6 Qxf6 16. g3 Bd7 17. Ne5 Bc6 18. Nxc6 bxc6 19. Qd4 e5 20. Qc5 Rab8 21. Kc1 Rfe8 22. Bc4 Nb6 23. Bb3 Ra8 24. Rhe1 a5 25. a3 a4 26. Ba2 Re7 27. Re4 Nd7 28. Qe3 c5 29. Qe2 Qb6 30. f4 Rb8 31. b4 axb3 32. Bxb3 Qa5 33. Kb2 Nb6 34. fxe5 c4 35. e6 Na4+ 36. Kc1 cxb3 37. exf7+ Kf8 {Nur} 0-1

[Event "2.Open B Città di Padova Elo <1900"]
[Site "Padova Caffè Pedrocchi"]
[Date "1999.12.19"]
[Round "6.13"]
[White "De Napoli, Giuseppe"]
[Black "Giancotti, Eraldo"]
[Result "0-1"]
[WhiteElo "1678"]
[BlackElo "1760"]
[Annotator "Gabriele Ballarin"]
[PlyCount "104"]
[EventDate "1999.12.11"]
[EventType "swiss"]
[EventRounds "6"]
[EventCountry "ITA"]
[SourceTitle "Ballarin Gabriele"]
[Source "Ballarin Gabrie"]
[SourceDate "2001.01.01"]
[SourceVersion "1"]
[SourceVersionDate "2001.01.01"]
[SourceQuality "1"]

1. d4 f5 2. e3 Nf6 3. Nf3 e6 4. Bd3 d5 5. Nbd2 Bd6 6. O-O Ne4 7. Ne5 Bxe5 8. dxe5 O-O 9. f4 b6 10. Bxe4 fxe4 11. Rf2 Bb7 12. Qg4 Qe7 13. Nf1 Nd7 14. Qh3 Rf7 15. g4 Raf8 16. b3 Nxe5 17. Bb2 Nf3+ 18. Kh1 c5 19. Nd2 Nxd2 20. Rxd2 d4 21. Rf2 e5 22. f5 Qg5 23. Re1 h5 24. Qxh5 Qxh5 25. gxh5 Rxf5 26. Rxf5 Rxf5 27. Kg1 Rxh5 28. Bc1 Rf5 29. Rf1 Rf3 30. Rf2 Kf7 31. Bd2 b5 32. Kf1 Ke6 33. Ke2 d3+ 34. cxd3 exd3+ 35. Kf1 b4 36. Ke1 Rxf2 37. Kxf2 a5 38. Ke1 Kf5 39. Kf2 Kg4 40. Bc1 a4 41. bxa4 c4 42. a3 b3 43. Bb2 Kf5 44. Bc3 Ke4 45. a5 g6 46. Bb2 d2 47. Ke2 d1=Q+ 48. Kxd1 Kxe3 49. Bxe5 Kd3 50. Kc1 c3 51. a4 b2+ 52. Kb1 Kc4 0-1

[Event "2.Open B Città di Padova Elo <1900"]
[Site "Padova Caffè Pedrocchi"]
[Date "1999.12.19"]
[Round "6.14"]
[White "Sedani, Elisa"]
[Black "Marigo, Narciso"]
[Result "0-1"]
[WhiteElo "1479"]
[BlackElo "1735"]
[Annotator "Gabriele Ballarin"]
[PlyCount "74"]
[EventDate "1999.12.11"]
[EventType "swiss"]
[EventRounds "6"]
[EventCountry "ITA"]
[SourceTitle "Ballarin Gabriele"]
[Source "Ballarin Gabrie"]
[SourceDate "2001.01.01"]
[SourceVersion "1"]
[SourceVersionDate "2001.01.01"]
[SourceQuality "1"]

1. e4 Nc6 2. Nf3 d6 3. d4 Bd7 4. Nc3 e5 5. dxe5 dxe5 6. Bc4 h6 7. Be3 Nf6 8. a3 Bd6 9. Qd2 a6 10. h3 O-O 11. g4 b5 12. Ba2 b4 13. Nd5 Nxe4 14. Qd3 Nc5 15. Qd2 e4 16. Nd4 Ne5 17. Bxh6 gxh6 18. Qxh6 Ng6 19. g5 Be5 20. Nf6+ Bxf6 21. gxf6 Qxf6 22. Rg1 b3 23. h4 bxa2 24. h5 Qg7 25. Qg5 Ne6 26. Nxe6 Bxe6 27. hxg6 Qxg6 28. Qxg6+ fxg6 29. Rxg6+ Kf7 30. Rh6 Rh8 31. Rxh8 Rxh8 32. Ke2 Rh3 33. b3 Bg4+ 34. Kd2 c5 35. Rxa2 Ke6 36. Ra1 Kf5 37. Re1 Rf3 0-1

[Event "2.Open B Città di Padova Elo <1900"]
[Site "Padova Caffè Pedrocchi"]
[Date "1999.12.19"]
[Round "6.15"]
[White "Pietrobon, Fabio"]
[Black "Ciech, Elio"]
[Result "1-0"]
[WhiteElo "1732"]
[BlackElo "1462"]
[Annotator "Gabriele Ballarin"]
[PlyCount "61"]
[EventDate "1999.12.11"]
[EventType "swiss"]
[EventRounds "6"]
[EventCountry "ITA"]
[SourceTitle "Ballarin Gabriele"]
[Source "Ballarin Gabrie"]
[SourceDate "2001.01.01"]
[SourceVersion "1"]
[SourceVersionDate "2001.01.01"]
[SourceQuality "1"]

1. d4 e6 2. Nf3 Nf6 3. Bf4 d5 4. e3 Bd6 5. Bg3 Bxg3 6. hxg3 Nbd7 7. c4 c5 8. Nc3 Qa5 9. Bd3 a6 10. O-O b5 11. cxd5 c4 12. dxe6 fxe6 13. Be4 Nxe4 14. Nxe4 O-O 15. Nfg5 Nf6 16. Qc2 g6 17. Nxf6+ Rxf6 18. Qe4 Rb8 19. Qe5 Rf8 20. Qxb8 Qd8 21. Nf3 Qd5 22. Qe5 Qc6 23. e4 Bb7 24. Rfe1 Bc8 25. d5 Qc5 26. Rad1 Qb4 27. dxe6 Qe7 28. Rd6 h6 29. Red1 Kh7 30. Rd7 Bxd7 31. Rxd7 1-0

[Event "2.Open B Città di Padova Elo <1900"]
[Site "Padova Caffè Pedrocchi"]
[Date "1999.12.19"]
[Round "6.16"]
[White "Rotoni, Matteo"]
[Black "Pietrobon, Gabriele"]
[Result "1-0"]
[WhiteElo "1732"]
[BlackElo "1485"]
[Annotator "Gabriele Ballarin"]
[PlyCount "35"]
[EventDate "1999.12.11"]
[EventType "swiss"]
[EventRounds "6"]
[EventCountry "ITA"]
[SourceTitle "Ballarin Gabriele"]
[Source "Ballarin Gabrie"]
[SourceDate "2001.01.01"]
[SourceVersion "1"]
[SourceVersionDate "2001.01.01"]
[SourceQuality "1"]

1. e4 e5 2. Nf3 Nc6 3. d4 exd4 4. Nxd4 Qh4 5. Nc3 Bb4 6. Ndb5 Qxe4+ 7. Be2 b6 8. O-O Bxc3 9. bxc3 Qe5 10. f4 Qc5+ 11. Kh1 Kd8 12. Ba3 Qf5 13. c4 a6 14. Nc3 Nf6 15. Bf3 Bb7 16. Nd5 Nxd5 17. cxd5 Ne7 18. Bxe7+ 1-0

[Event "2.Open B Città di Padova Elo <1900"]
[Site "Padova Caffè Pedrocchi"]
[Date "1999.12.19"]
[Round "6.17"]
[White "Gennari, Leone"]
[Black "Roberti, Ignazio"]
[Result "1/2-1/2"]
[WhiteElo "1777"]
[BlackElo "1610"]
[Annotator "Gabriele Ballarin"]
[PlyCount "198"]
[EventDate "1999.12.11"]
[EventType "swiss"]
[EventRounds "6"]
[EventCountry "ITA"]
[SourceTitle "Ballarin Gabriele"]
[Source "Ballarin Gabrie"]
[SourceDate "2001.01.01"]
[SourceVersion "1"]
[SourceVersionDate "2001.01.01"]
[SourceQuality "1"]

{[%evp 0,139,18,18,72,52,47,31,76,69,48,51,48,48,48,48,48,36,24,50,30,38,36,46,71,63,70,38,45,1,88,90,106,69,69,90,119,89,90,84,62,73,132,90,107,32,70,46,76,54,47,15,30,37,42,37,44,5,85,71,78,-4,90,75,88,4,36,-67,-50,-54,-68,-61,-62,-81,-60,-56,-55,-54,-54,-49,-37,-51,-59,-51,-55,-53,-30,-61,-51,-67,-51,-51,-51,-51,-51,-54,-54,-56,-56,-59,-59,-80,-71,-71,-66,-57,-64,-68,-68,-65,-74,-83,-42,-39,-22,-35,0,-121,-121,-113,-122,-122,-114,-91,-106,-106,-115,-102,-115,-115,-115,-115,-69,-69,-69,-46,-30,-39,-23,-17,-17,-12]} 1. d4 g6 2. c4 Nf6 3. Nc3 d5 4. cxd5 Nxd5 5. e4 Nxc3 6. bxc3 Bg7 7. Be3 O-O 8. Bc4 c5 9. Ne2 Nc6 10. O-O cxd4 11. cxd4 Bg4 12. f3 Na5 13. Bd3 Be6 14. Qa4 b6 15. Rac1 Nb7 16. Ba6 Nd6 17. Bd3 Qd7 18. Qxd7 Bxd7 19. Rc7 Rfd8 20. Rfc1 a5 21. Nf4 e6 22. g4 Rac8 23. d5 Bh6 24. h4 exd5 25. Nxd5 Bxe3+ 26. Nxe3 Rxc7 27. Rxc7 Be6 28. Nd5 b5 29. Rc5 Rb8 30. a3 Nc4 31. Bxc4 bxc4 32. Rxc4 Rb3 33. Rc3 Bxd5 34. Rc8+ Kg7 35. exd5 Rxf3 36. Rc5 Rxa3 37. d6 Rd3 38. Rxa5 Rxd6 39. Kg2 Rd3 40. Ra7 h6 41. Ra6 Rc3 42. Ra7 Kf6 43. Ra5 Rc1 44. Kg3 Rg1+ 45. Kf3 Rh1 46. Kg3 Re1 47. Kf3 Re5 48. Ra6+ Re6 49. Ra5 Rb6 50. Rc5 Ke6 51. Ra5 f5 52. gxf5+ gxf5 53. Ra8 Rb3+ 54. Kf4 Rb4+ 55. Kg3 Rg4+ 56. Kh3 Kf6 57. Rf8+ Kg6 58. h5+ Kg5 59. Rf7 Rh4+ 60. Kg3 Rxh5 61. Rf8 Rh1 62. Rg8+ Kf6 63. Rf8+ Kg6 64. Rg8+ Kf7 65. Ra8 Rf1 66. Ra6 Kg7 67. Rb6 Ra1 68. Kf4 Ra5 69. Rb7+ Kg6 70. Rb6+ Kh5 71. Rc6 Ra1 72. Kxf5 Rf1+ 73. Ke4 Kg5 74. Rc8 h5 75. Rg8+ Kh4 76. Rh8 Kg4 77. Rg8+ Kh3 78. Ke3 h4 79. Rh8 Kg3 80. Rg8+ Kh2 81. Ke2 Rg1 82. Rh8 h3 83. Kf2 Rg2+ 84. Kf1 Rg7 85. Rh6 Rf7+ 86. Ke2 Kg2 87. Rg6+ Kh1 88. Rh6 h2 89. Rg6 Ra7 90. Kf2 Ra2+ 91. Kf1 Ra1+ 92. Kf2 Rg1 93. Rf6 Rg8 94. Kf1 Ra8 95. Kf2 Ra2+ 96. Kf1 Ra1+ 97. Kf2 Ra2+ 98. Kf1 Rg2 99. Rf8 Ra2 1/2-1/2

[Event "2.Open B Città di Padova Elo <1900"]
[Site "Padova Caffè Pedrocchi"]
[Date "1999.11.19"]
[Round "6.18"]
[White "Pomaro, Stefano"]
[Black "Negra, Massimiliano"]
[Result "1-0"]
[WhiteElo "1611"]
[BlackElo "1857"]
[Annotator "Gabriele Ballarin"]
[PlyCount "53"]
[EventDate "1999.12.11"]
[EventType "swiss"]
[EventRounds "6"]
[EventCountry "ITA"]
[SourceTitle "Ballarin Gabriele"]
[Source "Ballarin Gabrie"]
[SourceDate "2001.01.01"]
[SourceVersion "1"]
[SourceVersionDate "2001.01.01"]
[SourceQuality "1"]

1. e4 c5 2. b4 cxb4 3. a3 Nf6 4. e5 Nd5 5. axb4 Nxb4 6. c3 Qc7 7. d4 N4c6 8. Na3 d5 9. Nb5 Qd8 10. Bd3 Na6 11. Ne2 Nc7 12. Nxc7+ Qxc7 13. O-O e6 14. f4 Be7 15. f5 exf5 16. Bxf5 Bxf5 17. Rxf5 O-O 18. Nf4 Qd7 19. Rh5 Rad8 20. Qd3 g6 21. Qg3 Kh8 22. Rh3 Qf5 23. Be3 a6 24. Rf1 Qd7 25. e6 Qxe6 26. Nxe6 fxe6 27. Qxg6 1-0

[Event "2.Open B Città di Padova Elo <1900"]
[Site "Padova Caffè Pedrocchi"]
[Date "1999.12.19"]
[Round "6.19"]
[White "Troise, Salvatore"]
[Black "Bartolozzi, Danilo"]
[Result "1-0"]
[WhiteElo "1591"]
[BlackElo "1672"]
[Annotator "Gabriele Ballarin"]
[PlyCount "37"]
[EventDate "1999.12.11"]
[EventType "swiss"]
[EventRounds "6"]
[EventCountry "ITA"]
[SourceTitle "Ballarin Gabriele"]
[Source "Ballarin Gabrie"]
[SourceDate "2001.01.01"]
[SourceVersion "1"]
[SourceVersionDate "2001.01.01"]
[SourceQuality "1"]

1. e4 c5 2. Nf3 d6 3. d4 cxd4 4. Nxd4 Nf6 5. Nc3 e6 6. Be2 Be7 7. Be3 Nc6 8. O-O O-O 9. f4 e5 10. Nb3 exf4 11. Rxf4 Be6 12. Nd4 Nxd4 13. Bxd4 Nd7 14. Qe1 Ne5 15. Qg3 Bg5 16. Rff1 Bh4 17. Qe3 Bg5 18. Qf2 a6 19. Rad1 {Nur} 1-0

[Event "2.Open B Città di Padova Elo <1900"]
[Site "Padova Caffè Pedrocchi"]
[Date "1999.12.19"]
[Round "6.20"]
[White "Stiz, Massimiliano"]
[Black "Marson, Luca"]
[Result "1/2-1/2"]
[WhiteElo "1567"]
[BlackElo "1648"]
[Annotator "Gabriele Ballarin"]
[PlyCount "127"]
[EventDate "1999.12.11"]
[EventType "swiss"]
[EventRounds "6"]
[EventCountry "ITA"]
[SourceTitle "Ballarin Gabriele"]
[Source "Ballarin Gabrie"]
[SourceDate "2001.01.01"]
[SourceVersion "1"]
[SourceVersionDate "2001.01.01"]
[SourceQuality "1"]

1. b3 e5 2. Bb2 Nc6 3. c4 Nf6 4. e3 d5 5. cxd5 Nxd5 6. Nf3 Bd6 7. a3 Bg4 8. Be2 Qe7 9. d4 e4 10. Nfd2 Bxe2 11. Qxe2 O-O 12. Nc4 Qg5 13. g3 Rad8 14. Nc3 Nxc3 15. Bxc3 Rfe8 16. h4 Qb5 17. Qb2 Bf8 18. O-O-O a5 19. Nd2 Qe2 20. Nc4 Qxb2+ 21. Kxb2 Rd5 22. h5 b6 23. Rc1 Na7 24. a4 Nc6 25. Na3 Rf5 26. Be1 Nb4 27. Bxb4 axb4 28. Nb5 Rxf2+ 29. Kb1 Re2 30. Nxc7 Rc8 31. Nd5 Rd8 32. Nxb6 Rxe3 33. Kb2 Rxd4 34. Rhd1 Rdd3 35. Rxd3 Rxd3 36. Rc8 f5 37. a5 Rd6 38. Nc4 Re6 39. Ne3 g6 40. hxg6 hxg6 41. Kc2 Kf7 42. Rc7+ Kf6 43. Rb7 Bc5 44. Nd5+ Kg5 45. Nxb4 e3 46. Nd3 e2 47. Ne1 Bf2 48. Kd2 Bxg3 49. Rb4 Rd6+ 50. Kxe2 Re6+ 51. Kf3 Bxe1 52. Ra4 Ra6 53. b4 Bxb4 54. Rxb4 Rxa5 55. Rb3 Re5 56. Rb6 Re4 57. Rb3 Rg4 58. Rb2 Kh5 59. Rh2+ Rh4 60. Rb2 g5 61. Rb5 Rh3+ 62. Kg2 Kg4 63. Rxf5 Kxf5 64. Kxh3 1/2-1/2

[Event "2.Open B Città di Padova Elo <1900"]
[Site "Padova Caffè Pedrocchi"]
[Date "1999.12.19"]
[Round "6.21"]
[White "Morganti, Lionello"]
[Black "Consolo, Arturo"]
[Result "0-1"]
[WhiteElo "1624"]
[BlackElo "1588"]
[Annotator "Gabriele Ballarin"]
[PlyCount "112"]
[EventDate "1999.12.11"]
[EventType "swiss"]
[EventRounds "6"]
[EventCountry "ITA"]
[SourceTitle "Ballarin Gabriele"]
[Source "Ballarin Gabrie"]
[SourceDate "2001.01.01"]
[SourceVersion "1"]
[SourceVersionDate "2001.01.01"]
[SourceQuality "1"]

1. e4 e5 2. Nf3 Nf6 3. Nxe5 d6 4. Nf3 Nxe4 5. d4 d5 6. Bd3 Bg4 7. O-O Bd6 8. h3 Bh5 9. c4 c6 10. Re1 f5 11. Nc3 O-O 12. cxd5 cxd5 13. Nxd5 Qa5 14. Bc4 Kh8 15. Bd2 Qd8 16. Bc3 Nd7 17. Be2 Ndf6 18. Nxf6 Qxf6 19. Ne5 Qh4 20. Rf1 Bxe2 21. Qxe2 Rae8 22. f4 Bc7 23. Be1 Qh6 24. Rf3 Bb6 25. Bf2 Rd8 26. Rd1 Qe6 27. b3 Rc8 28. Nc4 Qd5 29. Nxb6 axb6 30. Qb2 Rc6 31. Rfd3 Rfc8 32. Be3 Rc2 33. Rc1 Rxc1+ 34. Bxc1 Qb5 35. Rf3 Qb4 36. Re3 Qd6 37. Rf3 Qc6 38. Be3 Qd5 39. Bf2 h6 40. Rd3 b5 41. a3 Qc6 42. d5 Qd6 43. g3 Qa6 44. Bd4 Rc7 45. b4 Qd6 46. Be5 Qb6+ 47. Kg2 Rd7 48. Qd4 Qg6 49. g4 fxg4 50. hxg4 Qxg4+ 51. Kf1 Ng3+ 52. Ke1 Nf5 53. Qf2 h5 54. d6 h4 55. Qh2 Ng3 56. Kf2 Qe2+ 0-1